Malé a stredné podniky ako nositelia inovácií a kreativity bakalárska práca

Guardado en:
Detalles Bibliográficos
Autor principal: Kamencová, Petra
Autor Corporativo: Obchodná fakulta EU. Katedra marketingu
Otros Autores: Nekolová, Veronika, 1984-
Formato: Libro
Lenguaje:eslovaco
Publicado: Bratislava 2011
Etiquetas: Agregar Etiqueta
Sin Etiquetas, Sea el primero en etiquetar este registro!

MARC

LEADER 00000nbm a2200000 4500
001 0132073
005 20161109111430.0
041 0 |a slo 
044 |a SK 
245 1 0 |a Malé a stredné podniky ako nositelia inovácií a kreativity  |b bakalárska práca  |c Petra Kamencová ; školiteľ: Veronika Nekolová 
264 1 |a Bratislava  |c 2011 
300 |a 36 s. 
100 1 |a Kamencová, Petra 
700 1 |a Nekolová, Veronika, 1984- 
710 2 |a Obchodná fakulta EU. Katedra marketingu